00619cam a22002171 4500001001300000003000400013005001700017008004100034010001700075035002000092040001900112042001200131050001600143100002200159245004500181260006800226300001800294650004700312650002500359999001700384sa 63000648 DLC20260227111922.0850520s1960 pk 000 0 eng  asa 63000648  a(OCoLC)12056139 aDLCcCSdSdDLC apremarc00aPK1702b.A81 aAshraf, Syed Ali.10aMuslim traditions in Bengali literature. a[Karachi]bBenglai Literary Society, Karachi Universityc[1960] a83 p.c18 cm. 0aBengali literaturexHistory and criticism. 0aIslam in literature. c53559d53559